| 000 | 01201cam a2200241 i 4500 | ||
|---|---|---|---|
| 005 | 20251208103340.0 | ||
| 008 | 250721s2001 su gr 000 0 ara d | ||
| 082 | 1 | 4 |
_a214.6 _b ا ب ن |
| 100 | 1 |
_aإبن قيم الجوزيه، شمس الدين أبو عبد الله _d(690 - 751)ه، _eمؤلف. |
|
| 245 | 1 | 0 |
_aعدة الصابرين و ذخيرة الشاكرين / _cتأليف العالم الرباني شيخ الاسلام الثاني شمس الدين أبو عبد الله ابن القيم الجوزية ؛ حقق نصوصه و ضبطها و خرج الحاديثه ابو اسامه سليمبن عيد الهلالي. |
| 250 | _aالطبعة الثانية. | ||
| 264 | 3 | 1 |
_aالرياض : _bدار ابن الجوزي للنشر والتوزيع، _c2001. |
| 300 | _a469 صفحة. | ||
| 490 | 0 |
_aسلسلة مكتبة إبن القيم ؛ _vرقم 5. |
|
| 650 | 1 | 7 | _aالإيمان. |
| 650 | 1 | 7 | _aأركان الإيمان. |
| 650 | 1 | 7 | _aالصبر. |
| 650 | 1 | 7 | _aالشكر. |
| 700 | 1 |
_aالهلالي، أبو أسامه سليم بن عيد _eمحقق. |
|
| 830 | 0 | _aسلسلة مكتبة إبن القيم | |
| 942 |
_2ddc _cBK |
||
| 999 |
_c44162 _d44162 |
||